000 01006nam a2200253Ia 4500
003 OSt
005 20220923215257.0
006 a|||||r|||| 00| 0
007 ta
008 220922b |||||||| |||| 00| 0 hin d
024 _a177,326
037 _cTextual
040 _aARTS
_cARTS
_bhin
041 _2hin
_ahin
082 _aO152,1K18x, N0
100 _aप्राणनाथ
_9156277
245 0 _aमारफत सागर कयामत नामा* छोटा और बड़ा, विमला मेहता एवं रणजीत साहा सम्पा
246 _aMārafat sāgar kayāmat nāmā: chhoṭā aur baड़ā, vimalā mehatā evan raṇajīt sāhā sampā0
260 _aनई दिल्ली
_b प्रणनाथ मिशन
_c1990
300 _a460 पृ.
_ccm.
650 _aहिन्दी साहित्य
_9156264
942 _hO152,1K18x, N0
_cTEXL
_2CC
999 _c330714
_d330714